Statistics for Friends Trivia

Click here to take the quiz!

General Stats

  • This quiz has been taken 75 times
    (64 since last reset)
  • The average score is 16 of 17

Answer Stats

QuestionAnswer% Correct
How many seasons are there?10
100%
Chandler Bing's girlfriend with a nasal voiceJanice
100%
Phoebe Buffay's main songSmelly Cat
100%
Coffee house where they hang outCentral Perk
98%
Last person to speak in the whole showChandler
98%
Joey Tribbiani's soap operaDays of our Lives
98%
Name of Ross and Rachel's baby girlEmma
98%
Ross and Monica's surnameGeller
98%
Name of the white-haired barista who has a crush on RachelGunther
98%
Actor of Will who comes round for thanksgiving and hates RachelBrad Pitt
96%
What was the name of Ross' first wife?Carol
96%
His characterDr. Drake Ramoray
96%
First person to speak in the whole showMonica
96%
The number of Monica and Rachel's apartment20
95%
What did Rachel get off in the last episode to be with Ross?The Plane
93%
Place where Rachel has to go to at the endParis
91%
And why did they break up?She was a lesbian
61%

Score Distribution

Percentile by Number Answered

Percent of People with Each Score

Your Score History

You have not taken this quiz since the last reset